|
|
|
|
| LEADER |
00000nam a2200000Ii 4500 |
| 001 |
DIGVEDIV0489 |
| 003 |
NyNyDIG |
| 008 |
220326s2020 sp ob 000 0 spa d |
| 006 |
m o d |
| 007 |
cr ||||||||||| |
| 035 |
|
|
|a (OCoLC)1319855571
|
| 040 |
|
|
|a DGITA
|b eng
|e rda
|e pn
|c DGITA
|
| 020 |
|
|
|a 9788490736241
|q eBook
|q ePub
|
| 020 |
|
|
|z 9788490736234
|
| 050 |
1 |
4 |
|a BS2615.52 ebook
|
| 100 |
1 |
|
|a Hernández Carracedo, José Manuel,
|d 1969-
|e author.
|
| 245 |
1 |
3 |
|a La caracterización de Jesús en las notas del narrador del Evangelio de Juan :
|b una guía de lectura para el relato /
|c José Manuel Hernández Carracedo.
|
| 250 |
|
|
|a Edición digital.
|
| 264 |
|
1 |
|a Estella (Navarra), España :
|b EVD, Editorial Verbo Divino,
|c [2020]
|
| 300 |
|
|
|a 1 online resource.
|
| 336 |
|
|
|a text
|b txt
|2 rdacontent
|
| 337 |
|
|
|a computer
|b c
|2 rdamedia
|
| 338 |
|
|
|a online resource
|b cr
|2 rdacarrier
|
| 347 |
|
|
|a text file
|2 rdaft
|
| 347 |
|
|
|b EPUB
|
| 490 |
1 |
|
|a Asociación Bíblica Española.
|a Monografías bíblicas ;
|v 78
|
| 504 |
|
|
|a Includes bibliographical references.
|
| 588 |
0 |
|
|a Online resource; title from ePub title page (Digitalia, viewed March 26, 2022)
|
| 630 |
0 |
0 |
|a Bible.
|p John
|x Criticism, interpretation, etc.
|
| 655 |
|
0 |
|a Electronic books.
|
| 791 |
2 |
|
|a Digitalia (Firm),
|e distributor.
|
| 793 |
0 |
|
|g Digitalia eBook Collection:
|a Editorial Verbo Divino
|
| 776 |
0 |
8 |
|i Print version:
|a Hernández Carracedo, José Manuel.
|t Caracterización de Jesús en las notas del narrador del Evangelio de Juan.
|d Estella (Navarra), España : EVD, Editorial Verbo Divino, [2020]
|z 9788490736234
|
| 830 |
|
0 |
|a Asociación Bíblica Española (Series).
|p Monografías bíblicas ;
|v 78.
|
| 856 |
4 |
0 |
|3 Digitalia Hispánica
|u https://www.digitaliapublishing.com/a/68592/
|
| 910 |
|
|
|a Premium collection: 2022
|